000
00292nam a2200109Ia 4500
008
231129s9999||||xx |||||||||||||| ||spa||
082
_a
863 P226m
100
_a
Pardo Bazan Emilia
245
0
_a
Morriña
264
_a
Barcelona España : Salvat Editores; Alianza Editorial
942
_2
ddc
_c
BKS
999
_c
21408
_d
21408